000 01028nam a2200301 i 4500
001 000021020
003 DO-SdBNP
005 20240529115635.0
007 ta
008 100830s1978 dr ac 001 0 spa d
040 _aDO-SdBNP
_bspa
_cBNPHU
_erda
049 _aBNPD
082 4 _a617.6
_bG589o
_222
100 1 _aGodoy García, F.,
_943983
_eautor
245 1 0 _aOdontología y sociedad /
_cF. García Godoy ; prólogo, José Joaquín Pérez
264 _aSanto Domingo :
_bAlfa y Omega,
_c1978.
300 _a267 páginas :
_bilustraciones, retratos ;
_c20 cm.
336 _2rdacontent
_atexto
_btxt
337 _2rdamedia
_asin mediación
_bnc
338 _2rdacarrier
_avolumen
_bnc
500 _aIncluye datos biográficos del autor en la contracubierta
500 _aIncluye índice
504 _aIncluye bibliografía (p.40-46, 109 -113, 259 -260)
590 _aInventariado, 2024/BT
650 4 _aOdontología
_xAspectos sociales
_943984
700 _aPérez, José Joaquín,
_eprólogo
_985580
942 _2ddc
_cLBS1
999 _c20523
_d20523